[Event "La Cruz op 1st"]
[White "Myers Cumsille, Cash Amaru"]
[Black "Santana Acosta, Lester Guillermo"]
[Site "La Cruz"]
[Round "9"]
[Result "0-1"]
[Date "2024.11.03"]
[WhiteElo "2038"]
[BlackElo "2010"]
[PlyCount "22"]
[EventDate "2024.10.29"]
[EventType "swiss"]
[EventRounds "9"]
[EventCountry "CHI"]
[SourceTitle "CB45_2024"]
[Source "ChessBase"]
[SourceDate "2024.11.06"]
[SourceVersion "1"]
[SourceVersionDate "2024.11.06"]
[SourceQuality "1"]

1. e4 e5 2. Nf3 Nc6 3. c3 d5 4. Qa4 dxe4 5. Nxe5 Qd5 6. Bb5 Bd7 7. Nxd7 Kxd7 8. 0-0 Nf6 9. d4 Bd6 10. g3 Qh5 11. Qd1 Qxb5 0-1

[Event "La Cruz op 1st"]
[White "Santana Acosta, Lester Guillermo"]
[Black "Tricot Wong, Francisco"]
[Site "La Cruz"]
[Round "4"]
[Result "1-0"]
[Date "2024.10.31"]
[WhiteElo "2010"]
[BlackElo "1711"]
[PlyCount "50"]
[EventDate "2024.10.29"]
[EventType "swiss"]
[EventRounds "9"]
[EventCountry "CHI"]
[SourceTitle "CB45_2024"]
[Source "ChessBase"]
[SourceDate "2024.11.06"]
[SourceVersion "1"]
[SourceVersionDate "2024.11.06"]
[SourceQuality "1"]

1. d4 Nf6 2. Nf3 e6 3. e3 Be7 4. Bd3 d5 5. 0-0 b6 6. Qe2 Bb7 7. b3 0-0 8. Bb2 Nbd7 9. Nbd2 c5 10. Ne5 Rc8 11. f4 Nxe5 12. fxe5 Ne4 13. Bxe4 dxe4 14. c4 Bg5 15. Rae1 cxd4 16. exd4 Bxd2 17. Qxd2 Qd7 18. Re3 b5 19. Rg3 bxc4 20. Rxg7+ Kxg7 21. Qg5+ Kh8 22. Qf6+ Kg8 23. Rf4 Rfd8 24. Rg4+ Kf8 25. Ba3+ Rc5 1-0

[Event "La Cruz op 1st"]
[White "Santana Acosta, Lester Guillermo"]
[Black "Brandt Gabler, Paz Antonella"]
[Site "La Cruz"]
[Round "2"]
[Result "1-0"]
[Date "2024.10.30"]
[WhiteElo "2010"]
[BlackElo "1633"]
[PlyCount "53"]
[EventDate "2024.10.29"]
[EventType "swiss"]
[EventRounds "9"]
[EventCountry "CHI"]
[SourceTitle "CB45_2024"]
[Source "ChessBase"]
[SourceDate "2024.11.06"]
[SourceVersion "1"]
[SourceVersionDate "2024.11.06"]
[SourceQuality "1"]

1. d4 Nf6 2. Nf3 d5 3. e3 e6 4. Bd3 Bd6 5. 0-0 0-0 6. Nbd2 Nc6 7. c4 dxc4 8. Nxc4 Re8 9. Nxd6 Qxd6 10. Bd2 e5 11. dxe5 Nxe5 12. Nxe5 Rxe5 13. Bc4 Rh5 14. f4 Be6 15. Bxe6 Qxe6 16. Qf3 Rd5 17. Bc3 Ne4 18. f5 Qe8 19. Rad1 Nxc3 20. bxc3 Rxd1 21. Rxd1 c6 22. e4 Rd8 23. e5 h6 24. Re1 Qe7 25. Qe3 Rd5 26. Qxa7 Rxe5 27. Qb8+ 1-0

[Event "La Cruz op 1st"]
[White "Vera Siguenas, Deivy Anthoni"]
[Black "Santana Acosta, Lester Guillermo"]
[Site "La Cruz"]
[Round "1"]
[Result "1-0"]
[Date "2024.10.29"]
[WhiteElo "2443"]
[BlackElo "2010"]
[PlyCount "81"]
[EventDate "2024.10.29"]
[EventType "swiss"]
[EventRounds "9"]
[EventCountry "CHI"]
[SourceTitle "CB45_2024"]
[Source "ChessBase"]
[SourceDate "2024.11.06"]
[SourceVersion "1"]
[SourceVersionDate "2024.11.06"]
[SourceQuality "1"]

1. e4 e5 2. Nf3 Nc6 3. Bc4 Bc5 4. c3 Nf6 5. d4 exd4 6. e5 d5 7. Bb5 Ne4 8. cxd4 Bb4+ 9. Bd2 Nxd2 10. Nbxd2 0-0 11. Bxc6 bxc6 12. 0-0 c5 13. Qc2 cxd4 14. Nxd4 Bd7 15. N2b3 Ba4 16. Nc6 Bxc6 17. Qxc6 Re8 18. f4 Re6 19. Qc2 Bf8 20. Nd4 Rb6 21. Nc6 Qd7 22. Rac1 Rb5 23. Kh1 a5 24. Nd4 Rb4 25. Qd2 c5 26. Ne2 d4 27. f5 Qd5 28. Nf4 Qxa2 29. e6 Rxb2 30. Qe1 fxe6 31. fxe6 Bd6 32. Qe4 Re8 33. Qc6 Rd8 34. Rce1 d3 35. Nxd3 Re2 36. Rd1 Qxe6 37. Nf4 Qe5 38. Qb6 Rd7 39. Qb3+ Kh8 40. Qh3 Rd8 41. Ng6+ 1-0